| 000 | 00864cam a22002771 4500 | ||
|---|---|---|---|
| 001 | sa 67006809 | ||
| 003 | DLC | ||
| 005 | 20260227112410.0 | ||
| 008 | 731207s1966 xx 100 0 eng | ||
| 010 | _asa 67006809 | ||
| 035 | _a(OCoLC)756399 | ||
| 040 |
_aDLC _cNIC _dDLC |
||
| 042 | _apremarc | ||
| 050 | 0 | 0 |
_aHF3788.N6 _bS4 1966c |
| 082 | _a382/.0918/12054 | ||
| 111 | 2 |
_aSeminar on Trading with Americans _d(1966 : _cDelhi) |
|
| 245 | 1 | 0 | _aConclusions & recommendations. |
| 260 |
_aNew Delhi, _c1966. |
||
| 300 |
_a1 v. (various pagings) _c27cm. |
||
| 500 | _aOrganized by the Indian Institute of Foreign Trade. | ||
| 651 | 0 |
_aIndia _xCommerce _zNorth America. |
|
| 651 | 0 |
_aNorth America _xCommerce _zIndia. |
|
| 651 | 0 |
_aIndia _xCommerce _zLatin America. |
|
| 651 | 0 |
_aLatin America _xCommerce _zIndia. |
|
| 710 | 2 | _aIndian Institute of Foreign Trade. | |
| 999 |
_c76175 _d76175 |
||